000 005120000a22002050004500
003 LK-CoMWRAF
005 20230925145129.0
008 230817t ||||| |||| 00| 0 eng d
040 _aLK-CoMWRAF
_dLK-CoMWRAF
_eLK-CoMWRAF
041 _aeng
082 _a297
_bHAM
100 _aHamidullah, Muhammad
245 _aStatus of non muslims in Islam
260 _aIslamabad :
_bDa'wah Academy,
_c1989
300 _a16p
490 _aNo.40
650 _aMUSLIMS
650 _aNON MUSLIMS IN ISLAM
942 _cBK
999 _c2958
_d2958